000 00431nam a2200157Ia 4500
008 190430s9999 xx 000 0 und d
100 _aRomero, Paolo
245 _aComputer education a must in schools - Pimentel/
245 _cPaolo Romero
260 _bThe Philippine Star
260 _c2019
300 _aPage 12, January 17
440 _aThe Philippine Star
_v33: 174
650 _acomputer subject
650 _aEducation
999 _c361760
_d361760